<?xml version="1.0" encoding="UTF-8"?>
<record
    xmlns:xsi="http://www.w3.org/2001/XMLSchema-instance"
    xsi:schemaLocation="http://www.loc.gov/MARC21/slim http://www.loc.gov/standards/marcxml/schema/MARC21slim.xsd"
    xmlns="http://www.loc.gov/MARC21/slim">

  <leader>01547nam a22001697a 4500</leader>
  <controlfield tag="005">20220128123133.0</controlfield>
  <controlfield tag="008">220128b           ||||| |||| 00| 0 eng d</controlfield>
  <datafield tag="050" ind1=" " ind2=" ">
    <subfield code="a">HD82.T552(12e)</subfield>
  </datafield>
  <datafield tag="100" ind1=" " ind2=" ">
    <subfield code="9">Todaro,Michael P.</subfield>
  </datafield>
  <datafield tag="245" ind1=" " ind2=" ">
    <subfield code="a">Economic Development /</subfield>
    <subfield code="c">Michael P. Todaro.</subfield>
  </datafield>
  <datafield tag="260" ind1=" " ind2=" ">
    <subfield code="a">New York:</subfield>
    <subfield code="b">Pearson Education .Limited;</subfield>
    <subfield code="c">2015.</subfield>
  </datafield>
  <datafield tag="300" ind1=" " ind2=" ">
    <subfield code="a">860p.</subfield>
    <subfield code="b">ill.:</subfield>
    <subfield code="c">26cm</subfield>
  </datafield>
  <datafield tag="500" ind1=" " ind2=" ">
    <subfield code="a">Includes Name Index and Subject Index</subfield>
  </datafield>
  <datafield tag="505" ind1=" " ind2=" ">
    <subfield code="a">Contents : Principles and concepts -- Introducing economic development: A global perspective -- Comparative economic development -- Classic theories of economic growth and development -- Contemporary models of development and underdevelpment -- Problems and policy: Domestic -- Poverty,inequality, and development -- Population growth and economic development :Causes, Consequences, and controversies -- Urbanization and rural -urban migration: Theory and policy -- Human capital:Education and health in economic development -- Agricultural transformation and rural development -- The environment and development -- Development policymaking and roles of market,state and civil society -- Problems and policies: International and macro -- International trade theory and development strategy --  Balance of payment, debts,financial crises and stabilization policies -- Balance of payment,debt,financial crises,and stabilization policies -- Foreign finance,investment,aid and c onflict: controversies and oppourtunities -- Finance and fiscal policy for development.</subfield>
  </datafield>
  <datafield tag="700" ind1=" " ind2=" ">
    <subfield code="a">Smith,Stephen C.</subfield>
  </datafield>
  <datafield tag="942" ind1=" " ind2=" ">
    <subfield code="2">lcc</subfield>
    <subfield code="c">BK</subfield>
  </datafield>
  <datafield tag="999" ind1=" " ind2=" ">
    <subfield code="c">8533</subfield>
    <subfield code="d">16033</subfield>
  </datafield>
  <datafield tag="952" ind1=" " ind2=" ">
    <subfield code="0">0</subfield>
    <subfield code="1">0</subfield>
    <subfield code="2">lcc</subfield>
    <subfield code="4">0</subfield>
    <subfield code="7">0</subfield>
    <subfield code="a">WIUC-1</subfield>
    <subfield code="b">WIUC-1</subfield>
    <subfield code="c">REF</subfield>
    <subfield code="d">2022-01-28</subfield>
    <subfield code="o">HD82.T552 (12e)</subfield>
    <subfield code="p">8651/103/20</subfield>
    <subfield code="r">2022-01-28 00:00:00</subfield>
    <subfield code="t">1</subfield>
    <subfield code="w">2022-01-28</subfield>
    <subfield code="y">BK</subfield>
  </datafield>
  <datafield tag="952" ind1=" " ind2=" ">
    <subfield code="0">0</subfield>
    <subfield code="1">0</subfield>
    <subfield code="2">ddc</subfield>
    <subfield code="4">0</subfield>
    <subfield code="7">0</subfield>
    <subfield code="a">WIUC-1</subfield>
    <subfield code="b">WIUC-1</subfield>
    <subfield code="c">REF</subfield>
    <subfield code="d">2022-01-28</subfield>
    <subfield code="o">HD82.T5521 (12e)</subfield>
    <subfield code="p">8652/104/20</subfield>
    <subfield code="r">2022-01-28 00:00:00</subfield>
    <subfield code="t">2</subfield>
    <subfield code="w">2022-01-28</subfield>
    <subfield code="y">BK</subfield>
  </datafield>
  <datafield tag="952" ind1=" " ind2=" ">
    <subfield code="0">0</subfield>
    <subfield code="1">0</subfield>
    <subfield code="2">lcc</subfield>
    <subfield code="4">0</subfield>
    <subfield code="7">0</subfield>
    <subfield code="a">WIUC-1</subfield>
    <subfield code="b">WIUC-1</subfield>
    <subfield code="c">REF</subfield>
    <subfield code="d">2022-01-28</subfield>
    <subfield code="o">HD82.T5522 (12e)</subfield>
    <subfield code="p">8653/105/20</subfield>
    <subfield code="r">2022-01-28 00:00:00</subfield>
    <subfield code="t">3</subfield>
    <subfield code="w">2022-01-28</subfield>
    <subfield code="y">BK</subfield>
  </datafield>
</record>
